| 000 | 01040nam a2200289 a 4500 | ||
|---|---|---|---|
| 001 | BRCA_4999 | ||
| 005 | 20190320204909.0 | ||
| 008 | 281010s1932----nyua######---#000-0#eng-# | ||
| 041 | _aeng | ||
| 044 | _anyu | ||
| 050 | 4 |
_aND339.Q5 _b.B74 1932 |
|
| 100 | 1 |
_aBrinton, Christian _912737 |
|
| 245 | 1 | 0 |
_aCesáreo Bernaldo de Quirós _cby Christian Brito. |
| 260 |
_aNueva York _bOrder of the Trustees _c1932 |
||
| 300 |
_a23 p. _bil., 25 láminas _c22 cm. |
||
| 440 | 0 |
_aHispanic notes & monographs : Essays, studies and brief biographies _97619 |
|
| 500 | _aIncluye índice de ilustraciones | ||
| 500 | _aExposición de las pinturas de la vida de Gaucho en la provincia de Entre Ríos, Argentina 1850-1870 de ´The Hispanic Society of America´ | ||
| 500 | _aD106 | ||
| 504 | _aBibliografía: p. [32] | ||
| 600 | 1 | 4 |
_aQuirós, Cesareo Bernardo de _912738 |
| 650 | 1 | 4 |
_aPinturas argentinas _vExposiciones _912739 |
| 650 | 1 | 4 |
_aGauchos _912740 |
| 650 | 1 | 4 |
_aGalerías de arte _zEstados Unidos _912741 |
| 902 | _aGFM | ||
| 942 |
_2lcc _cB |
||
| 999 |
_c4693 _d4693 |
||